000 00417nam a22001697a 4500
003 macl
005 20160203150141.0
008 160203b xxu||||| |||| 00| 0 eng d
040 _cmacl
041 _aEnglish
082 _a720/CHO
100 _aChopra Sandeep
_936665
245 _aLucknow : The City Of Cultural
260 _aAllahabad
_bPoint Publication
_c2012
650 _aCaltural
_936666
942 _2ddc
_cBK
999 _c53095
_d53095